<?xml version="1.0" encoding="UTF-8"?>
<collection xmlns="http://www.loc.gov/MARC21/slim">
 <record>
  <leader>01679nam a2200253Ia 4500</leader>
  <controlfield tag="001">CTU_140543</controlfield>
  <controlfield tag="008">210402s9999    xx            000 0 und d</controlfield>
  <datafield tag="020" ind1=" " ind2=" ">
   <subfield code="c">25.99</subfield>
  </datafield>
  <datafield tag="082" ind1=" " ind2=" ">
   <subfield code="a">895.635</subfield>
  </datafield>
  <datafield tag="082" ind1=" " ind2=" ">
   <subfield code="b">S239</subfield>
  </datafield>
  <datafield tag="100" ind1=" " ind2=" ">
   <subfield code="a">Saotome, Mitsugu</subfield>
  </datafield>
  <datafield tag="245" ind1=" " ind2="0">
   <subfield code="a">Okei :</subfield>
  </datafield>
  <datafield tag="245" ind1=" " ind2="2">
   <subfield code="b">a girl from the provinces</subfield>
  </datafield>
  <datafield tag="245" ind1=" " ind2="0">
   <subfield code="c">Mitsugu Saotome ; translated by Kenneth J. Bryson</subfield>
  </datafield>
  <datafield tag="260" ind1=" " ind2=" ">
   <subfield code="a">Richmond, UK</subfield>
  </datafield>
  <datafield tag="260" ind1=" " ind2=" ">
   <subfield code="b">Alma books</subfield>
  </datafield>
  <datafield tag="260" ind1=" " ind2=" ">
   <subfield code="c">2008</subfield>
  </datafield>
  <datafield tag="520" ind1=" " ind2=" ">
   <subfield code="a">Set in the midst of samurai warfare in the mountainous region of Aizu in the late nineteenth century, the novel recounts the coming of age of the young peasant girl Okei, who falls desperately in love with the fierce warrior Sanasuma Kingo, only to discover that the world she inhabits has no place for such passion. Okei must learn to understand both the nature of her hidden feelings and the arcane codes and honour system of the samurai.&quot; &quot;As the forces of the old Tugokawa order struggle to contain the imperialist army, Okei and the rest of her rural community find that exile to the New World may be their only remaining chance of survival. Capturing the character of a country in the throes of revolution and faced with the onset of modernity, Mitsugu Saotome's masterful novel succeeds in blending vivid historical detail with a timeless tale of romance, self-discovery and growing up.--(BOOK JACKET)</subfield>
  </datafield>
  <datafield tag="650" ind1=" " ind2=" ">
   <subfield code="a">Samurai,Japanese fiction,Samurai,Tiểu thuyết nhật bản</subfield>
  </datafield>
  <datafield tag="650" ind1=" " ind2=" ">
   <subfield code="x">History,Lịch sử</subfield>
  </datafield>
  <datafield tag="650" ind1=" " ind2=" ">
   <subfield code="y">19th century,20th century,Thế kỷ 19,Thế kỷ 20</subfield>
  </datafield>
  <datafield tag="650" ind1=" " ind2=" ">
   <subfield code="z">Japan,Nhật Bản</subfield>
  </datafield>
  <datafield tag="904" ind1=" " ind2=" ">
   <subfield code="i">Huỳnh Mai</subfield>
  </datafield>
  <datafield tag="980" ind1=" " ind2=" ">
   <subfield code="a">Trung tâm Học liệu Trường Đại học Cần Thơ</subfield>
  </datafield>
 </record>
</collection>
